000 00723nam a2200217 i 4500
001 42419
003 ES-MaACL
005 20250818173946.0
007 t|
008 030320s1908 sp ||||1| spa d
100 1 _aFerrer, Victorino.
_950438
245 1 2 _aLa peste en el siglo XX
_b: cartas loímicas /
_cpor Victorino y L. Comenge.
260 _aBarcelona :
_b[s.n.],
_c1908 (
_fImp. de Henrich y Cª)
300 _a132 p. ;
_c25 cm.
594 _aApellido de Victorino Ferrer en p. 124.
595 _aTirada aparte de: Revista de ciencias médicas de Barcelona.
650 4 _aPeste.
_9136693
700 1 _aComenge y Ferrer, Luis,
_d1854-1916
_9126554
852 _aES-MaACL
_jT-1167-F-3
999 _c42419
_d42419